• 首页
  • 本馆介绍
  • 公告通知
  • 最新文献
  • 馆藏检索
  • 电子资源
  • 读者导购
  • 参考咨询
  • 我的图书馆
  • 登录
  • 详细信息显示
  • 放入我的书架
  • 预约/预借图书
  • 作者相关作品
  • 分类相关作品
  • 丛书相关作品
  • 出版社相关作品

书目信息

  • 表格格式
  • 工作单格式
  • 卡片格式
题名:
福建园林植物病虫害防治
    
 
作者: 丁莉萍 主编
分册:  
出版信息: 北京   中国林业出版社  2014
页数: 362页
开本: 23cm
丛书名:
单 册:
中图分类: S436.8
科图分类:
主题词: 园林植物--病虫害防治--中等专业教育--教材 , 园林植物 , 病虫害防治
电子资源:
ISBN: 978-7-5038-7465-9
000 00979nam0 2200265 450
001 012015000598
005 20150914161649.37
010    @a978-7-5038-7465-9@dCNY48.00
100    @a20140923d2014 em y0chiy50 ea
101 0  @achi
102    @aCN@b110000
105    @aa z 000yy
106    @ar
200 1  @a福建园林植物病虫害防治@Afu jian yuan lin zhi wu bing chong hai fang zhi@f丁莉萍主编
210    @a北京@c中国林业出版社@d2014
215    @a362页@c图@d23cm
300    @a国家中等职业教育改革发展示范校教材
330    @a本书在介绍病虫害基础知识和防治基本原理的基础上,强化对学生技能的培养,将技能培养融入理论教学中,并针对福建以及其他南方地区园林植物常见病虫害的种类、特征、危害特点、生活习性或发病规律,以及防治方法进行了介绍。
606 0  @a园林植物@x病虫害防治@x中等专业教育@j教材
606 0  @a园林植物
606 0  @a病虫害防治
690    @aS436.8@v5
701  0 @a丁莉萍@Ading li ping@4主编
801  0 @aCN@b碧洲教育@c20150718
905    @a10447@f4@dS436.8@e106
    
    福建园林植物病虫害防治/丁莉萍主编.-北京:中国林业出版社,2014
    362页:图;23cm
    国家中等职业教育改革发展示范校教材
    
    ISBN 978-7-5038-7465-9:CNY48.00
    本书在介绍病虫害基础知识和防治基本原理的基础上,强化对学生技能的培养,将技能培养融入理论教学中,并针对福建以及其他南方地区园林植物常见病虫害的种类、特征、危害特点、生活习性或发病规律,以及防治方法进行了介绍。
●
相关链接 在E读中查询图书 在五车中查询图书 在当当中查询图书 在豆瓣中查询图书


正题名:福建园林植物病虫害防治     索取号:S436.8/106         预约/预借

序号 登录号 条形码 馆藏地/架位号 状态 备注
1 0848766   208487662   第二样本阅览室/ [索取号:S436.8/106] 在馆    
2 0848767   208487671   密集书库-生命科学系/ [索取号:S436.8/106] 在馆    
3 0848768   208487680   第三借阅区/ [索取号:S436.8/106] 在馆    
4 0848769   208487699   第三借阅区/ [索取号:S436.8/106] 在馆    
唐山师范学院图书馆 欢迎您!
大连网信软件有限公司© 版权所有